LEADER 00949nam a2200265 i 4500 001 991002387019707536 005 20020503164723.0 008 001103s1968 it ||| | ita 035 $ab10357233-39ule_inst 035 $aEXGIL103045$9ExL 040 $aBiblioteca Interfacoltà$bita 082 0 $a271 100 1 $aPistillo, Michele$0139900 245 13$aLa Daunia ed il Francescanesimo /$cMichele Pistillo 260 $aFoggia :$bTip. Adriatica,$c1968 300 $a161 p. :$bill. ;$c24 cm. 490 0 $aDaunia sacra ;$v1 650 4$aFrancescanesimo$zPuglia 650 4$aFrancescani - Provincia pugliese$xStoria 907 $a.b10357233$b21-02-17$c27-06-02 912 $a991002387019707536 945 $aLE002 St. XVII N 10$g20021$i2002000714466$lle002$o-$pE0.00$q-$rl$s- $t0$u2$v0$w2$x0$y.i10418325$z27-06-02 996 $aDaunia ed il Francescanesimo$9204333 997 $aUNISALENTO 998 $ale002$b01-01-00$cm$da $e-$fita$git $h3$i1 LEADER 01555oam 2200481 450 001 9910709969703321 005 20180827080309.0 035 $a(CKB)5470000002474568 035 $a(OCoLC)1049974333 035 $a(EXLCZ)995470000002474568 100 $a20180827j198505 ua 0 101 0 $aeng 135 $aurmn||||||||| 181 $ctxt$2rdacontent 182 $cc$2rdamedia 183 $acr$2rdacarrier 200 10$aMicrogravity silicon zoning investigation $efinal report /$fby Edward L. Kern and Gerald L. Gill, Jr 210 1$aMarshall Space Flight Center, Alabama :$cNASA- Marshall Space Flight Center,$dMay 1985. 215 $a1 online resource (iii, 72 pages) $cillustrations 225 1 $aNASA/CR ;$v170919 300 $a"May 15, 1985." 320 $aIncludes bibliographical references (pages 71-72). 517 $aMicrogravity silicon zoning investigation 606 $aMicrogravity$2nasat 606 $aFloat zones$2nasat 606 $aSilicon$2nasat 606 $aSingle crystal growth$2nasat 606 $aSpace processing$2nasat 615 7$aMicrogravity. 615 7$aFloat zones. 615 7$aSilicon. 615 7$aSingle crystal growth. 615 7$aSpace processing. 700 $aKern$b Edward L.$f1934-$01414446 702 $aGill$b Gerald L. 712 02$aGeorge C. Marshall Space Flight Center, 801 0$bGPO 801 1$bGPO 801 2$bGPO 906 $aBOOK 912 $a9910709969703321 996 $aMicrogravity silicon zoning investigation$93513713 997 $aUNINA